| 000 | 00442nam a2200133Ia 4500 | ||
|---|---|---|---|
| 008 | 220216s9999 xx 000 0 und d | ||
| 100 | _aDey S.K. | ||
| 245 | 0 | _aSink source relationship in rubber (Hevea brasiliensis) in different months in the North East Indian climatic conditions | |
| 260 |
_bIndian Journal of Plant Physiology _c2003 |
||
| 300 | _a74-80 | ||
| 650 | _aNorth East India | ||
| 650 | _aSink source relationship | ||
| 942 | _cBS | ||
| 999 |
_c52131 _d52131 |
||